Célébrités commençant par la lettre O - Statistiques

Statistiques générales
  • Ce quiz a été pris 336 fois
  • Le résultat moyen est 5 sur 9
Statistiques - réponses
Par images Réponse % Correct
Omar Sy
97%
Olivier Giroud
93%
Ousmane Dembele
80%
Olivia Rodrigo
53%
Oprah Winfrey
48%
Orlando Bloom
38%
Olivier Rousteing
22%
Ozzy Osbourne
16%
Olivia Wilde
14%
Aucun quiz correspondant
Distribution des résultats
% des personnes avec chaque résultat
Percentile par nombre de réponses
Votre historique - résultats
Vous n’avez pas pris ce quiz